AI mění online svět a lidé ztrácejí schopnost rozpoznat realitu
Digitálne prostredie dnes nevyzerá tak, ako sme ho poznali pred piatimi rokmi. Sociálne siete sa stali novým trhoviskom informácií, emócií i manipulácie a umelá inteligencia do tohto priestoru vstúpila s nebývalou silou. Technologický pokrok umožňuje generovať fotografie, články, videá či fiktívne c...
Gespeichert in:
| Format: | Buchkapitel |
|---|---|
| Sprache: | Tschechisch |
| Schlagworte: | |
| Tags: |
Keine Tags, Fügen Sie das erste Tag hinzu!
|
MARC
| LEADER | 00000naa a2200000 4500 | ||
|---|---|---|---|
| 001 | 0314709 | ||
| 005 | 20260203125659.6 | ||
| 041 | 0 | |a cze | |
| 044 | |a CZ | ||
| 245 | 1 | 0 | |a AI mění online svět a lidé ztrácejí schopnost rozpoznat realitu |
| 520 | |a Digitálne prostredie dnes nevyzerá tak, ako sme ho poznali pred piatimi rokmi. Sociálne siete sa stali novým trhoviskom informácií, emócií i manipulácie a umelá inteligencia do tohto priestoru vstúpila s nebývalou silou. Technologický pokrok umožňuje generovať fotografie, články, videá či fiktívne citácie s takou presnosťou, že rozdiel medzi pravdou a umelou simuláciou je pre bežného užívateľa takmer neviditeľný. Práve táto tenká hranica medzi realitou a fikciou sa dnes stáva zdrojom jednej z najrýchlejšie sa šíriacich hrozieb v digitálnom svete - online podvodov. | ||
| 610 | 2 | 0 | |a inteligencia umelá |
| 610 | 2 | 0 | |a pokrok technologický |
| 610 | 2 | 0 | |a siete sociálne |
| 610 | 2 | 0 | |a podvody |
| 610 | 2 | 0 | |a bezpečnosť kybernetická |
| 610 | 2 | 0 | |a banky |